Republic of Congo : Interim Poverty Reduction Strategy Paper Progress Report.

This paper examines Congo's Interim Poverty Reduction Strategy Paper (I-PRSP). Congo's I-PRSP explains the features and causes of poverty in Congo. It provides a short- and medium-term vision of development as well as a strategic orientation for a return to sustainable and equitable growth...

Cijeli opis

Bibliografski detalji
Autor kompanije: International Monetary Fund
Format: Žurnal
Jezik:English
Izdano: Washington, D.C. : International Monetary Fund, 2005.
Serija:IMF Staff Country Reports; Country Report ; No. 2005/039
Online pristup:Full text available on IMF
LEADER 01709cas a2200241 a 4500
001 AALejournalIMF003452
008 230101c9999 xx r poo 0 0eng d
020 |c 5.00 USD 
020 |z 9781451808568 
022 |a 1934-7685 
040 |a BD-DhAAL  |c BD-DhAAL 
110 2 |a International Monetary Fund. 
245 1 0 |a Republic of Congo :   |b Interim Poverty Reduction Strategy Paper Progress Report. 
264 1 |a Washington, D.C. :  |b International Monetary Fund,  |c 2005. 
300 |a 1 online resource (83 pages) 
490 1 |a IMF Staff Country Reports 
500 |a <strong>Off-Campus Access:</strong> No User ID or Password Required 
500 |a <strong>On-Campus Access:</strong> No User ID or Password Required 
506 |a Electronic access restricted to authorized BRAC University faculty, staff and students 
520 3 |a This paper examines Congo's Interim Poverty Reduction Strategy Paper (I-PRSP). Congo's I-PRSP explains the features and causes of poverty in Congo. It provides a short- and medium-term vision of development as well as a strategic orientation for a return to sustainable and equitable growth. The main objective is steady poverty reduction. The choice and implementation of strategic orientations and priority actions in the I-PRSP are consistent with the government's commitment to rebuilding the economy and in line with the Millennium Development Goals, the New Partnership for Development, and the government's 'nouvelle esperance' program. 
538 |a Mode of access: Internet 
830 0 |a IMF Staff Country Reports; Country Report ;  |v No. 2005/039 
856 4 0 |z Full text available on IMF  |u http://elibrary.imf.org/view/journals/002/2005/039/002.2005.issue-039-en.xml  |z IMF e-Library